000
00326nam a2200133Ia 4500
008
230917s9999||||xx |||||||||||||| ||und||
040
_e
90715
_a
MAIN
041
_a
English
082
_a
617 K527L
100
_a
Khatana, Parkash Singh
245
0
_a
Lymphatic involvement in buerger's diseases
300
_a
78 p.
942
_c
TH
999
_c
49615
_d
49615